Statistics for Milwaukee Bucks Top 10 Leaders Playoffs

Click here to take the quiz!

General Stats

  • This quiz has been taken 273 times
    (97 since last reset)
  • The average score is 9 of 21

Answer Stats

Player% Correct
Giannis Antetokounmpo
100%
Kareem Abdul-Jabbar
99%
Khris Middleton
93%
Brook Lopez
88%
Jrue Holiday
88%
Oscar Robertson
82%
Sidney Moncrief
63%
Ervin Johnson
39%
Marques Johnson
39%
Pat Connaughton
33%
Bob Dandridge
30%
Terry Cummings
30%
Sam Cassell
22%
Ricky Pierce
13%
Paul Pressey
12%
Bob Lanier
11%
Brian Winters
11%
Alton Lister
10%
Randy Breuer
5%
Craig Hodges
2%
Paul Mokeski
2%

Score Distribution

Percentile by Number Answered

Percent of People with Each Score

Your Score History

You have not taken this quiz since the last reset